| 000 | 00445nam a22001811 4500 | ||
|---|---|---|---|
| 001 | sa 68005979 | ||
| 003 | DLC | ||
| 005 | 20260227112512.0 | ||
| 008 | 710915s1905 ii 00010 eng | ||
| 010 | _asa 68005979 | ||
| 050 | 0 |
_aPR6005.H32 _bP6 1905 |
|
| 100 | 1 | 0 |
_aChapman, John Alexander, _d1875- |
| 245 | 0 | 0 |
_aPoems, _cby J. A. C. |
| 260 | 0 |
_a[Calcutta? _c1905] |
|
| 300 |
_aii, 80 p. _c18 cm. |
||
| 600 | 0 | 0 | _aJ. A. C. |
| 700 | 1 | 0 | _aC, J. A. |
| 999 |
_c81037 _d81037 |
||